Stories the Fet Can Tell (Record no. 5956)

MARC details
000 -LEADER
fixed length control field 00459nam a2200157Ia 4500
003 - CONTROL NUMBER IDENTIFIER
control field IN-BaIIA
008 - FIXED-LENGTH DATA ELEMENTS--GENERAL INFORMATION
fixed length control field 211028s9999 xx 000 0 eng d
040 ## - CATALOGING SOURCE
Transcribing agency IIA Library
080 ## - UNIVERSAL DECIMAL CLASSIFICATION NUMBER
Universal Decimal Classification number GEN
Item number ING
100 ## - MAIN ENTRY--PERSONAL NAME
Personal name Ingham, Eunice D
9 (RLIN) 10328
245 #0 - TITLE STATEMENT
Title Stories the Fet Can Tell
Statement of responsibility, etc. Eunice D Ingham
260 ## - PUBLICATION, DISTRIBUTION, ETC.
Place of publication, distribution, etc. Rochester
Name of publisher, distributor, etc. Eunice D Ingham
300 ## - PHYSICAL DESCRIPTION
Extent 109p.
650 ## - SUBJECT ADDED ENTRY--TOPICAL TERM
Topical term or geographic name entry element Astronomy and Astrophysics Thesaurus
942 ## - ADDED ENTRY ELEMENTS (KOHA)
Koha item type Books
Holdings
Withdrawn status Lost status Damaged status Not for loan Home library Current library Shelving location Date acquired Total Checkouts Full call number Barcode Date last seen Price effective from Koha item type
        IIA Library-Bangalore IIA Library-Bangalore General Stacks 27/09/1978   GEN/ ING 6654 05/11/2021 27/09/1978 Books

Powered by Koha